• 首页
  • 本馆介绍
  • 公告通知
  • 最新文献
  • 馆藏检索
  • 电子资源
  • 读者导购
  • 参考咨询
  • 我的图书馆
  • 登录
  • 详细信息显示
  • 放入我的书架
  • 预约/预借图书
  • 作者相关作品
  • 分类相关作品
  • 丛书相关作品
  • 出版社相关作品

书目信息

  • 表格格式
  • 工作单格式
  • 卡片格式
题名:
西游记
    
 
作者: 白丁 , 刘伟 编著
分册: 下  
出版信息: 北京   北京师范大学出版社  1993
页数: 145页
开本: 19cm
丛书名: 中国儿童新编优秀古典故事库
单 册:
中图分类: I287.5 , I242.4
科图分类:
主题词: 儿童文学-故事--中国--选集 , 故事-儿童文学--中国--选集 , 小说--中国
电子资源:
ISBN: 7-303-01825-5
000 00786nam2 2200277 45
001 1536611196
005 20150128075446.81
010    @a7-303-01825-5@dCNY1.19@z7-303-1825-5
100    @a19960729d1993 am y0chiy0120 ea
101 0  @achi
102    @aCN@b110000
105    @ay z 000fy
200 10 @a西游记@Axi you ji@h下@f白丁,刘伟编著
210    @a北京@c北京师范大学出版社@d1993
215    @a145页@d19cm
225 2  @a中国儿童新编优秀古典故事库
410  0 @120010@a中国儿童新编优秀古典故事库
606    @a儿童文学-故事@y中国@x选集
606    @a故事-儿童文学@y中国@x选集
606 0  @a小说@x中国
690    @aI287.5@v3
690    @aI242.4@v4
701  0 @a白丁@Abai ding@4编著
701  0 @a刘伟@Aliu wei@4编著
801  0 @aCN@bTSSF@c20150128
905    @aZUCC@dI242.4@eJY47:2
    
    西游记.下/白丁,刘伟编著.-北京:北京师范大学出版社,1993
    145页;19cm.-(中国儿童新编优秀古典故事库)
    
    
    ISBN 7-303-01825-5:CNY1.19
    
●
相关链接 在E读中查询图书 在五车中查询图书 在当当中查询图书 在豆瓣中查询图书


正题名:西游记     索取号:I242.4/JY47:2         预约/预借

序号 登录号 条形码 馆藏地/架位号 状态 备注
1 7856842   278568426   学院路分馆/ [索取号:I242.4/JY47:2] 在馆    
唐山师范学院图书馆 欢迎您!
大连网信软件有限公司© 版权所有